000 01311cam a2200289 4500
001 7726
005 20181127184224.0
008 040401s2004 enka b 001 0 eng
010 _a 2004047122
020 _a1843762447
082 0 0 _a330.95195
_222
100 _aHarvie, Charles
_b
_c
_d
_eeditor
_q
245 0 4 _aThe Korean economy :
_bpost-crisis policies, issues and prospects /
_cedited by Charles Harvie, Hyun-Hoon Lee, Junggun Oh.
260 _aCheltenham, UK ;
_aNorthhampton, MA :
_bEdward Elgar,
_cc2004.
300 _axii, 324 p. :
_bill. ;
_c24 cm.
504 _aIncludes bibliographical references and index.
505 _aIntroduction -- Reform and policies -- Other issues -- Prospects
_g
_r
_t
520 _aKorea has played, and will increasingly play, an important role in the future development of the South East Asian region, including the expansion of regional economic cooperation and interregional trade.
650 0 _aEconomic stabilization
_zKorea (South)
651 0 _aKorea (South)
_xEconomic conditions
_y1960-1988.
651 0 _aKorea (South)
_xEconomic conditions
_y1988-
651 0 _aKorea (South)
_xEconomic policy
_y1960-1988.
651 0 _aKorea (South)
_xEconomic policy
_y1988-
700 1 _aHarvie, Charles,
_d1954-
700 1 _aOh, Junggun.
700 1 _aYi, Hyon-hun,
_d1959-
999 _c6628
_d6628